South Asian report (Record no. 726881)

MARC details
000 -LEADER
fixed length control field 00855nam a2200253Ia 4500
003 - CONTROL NUMBER IDENTIFIER
control field OSt
005 - DATE AND TIME OF LATEST TRANSACTION
control field 20220928104608.0
008 - FIXED-LENGTH DATA ELEMENTS--GENERAL INFORMATION
fixed length control field 220927b |||||||| |||| 00| 0 eng d
037 ## - SOURCE OF ACQUISITION
Terms of availability Reports / Technical Reports
040 ## - CATALOGING SOURCE
Original cataloging agency SDCL
Transcribing agency SDCL
Language of cataloging eng
041 ## - LANGUAGE CODE
Source of code eng
Language code of text/sound track or separate title eng
100 ## - MAIN ENTRY--PERSONAL NAME
Personal name Heiberg Turid Ed.
9 (RLIN) 411211
245 #0 - TITLE STATEMENT
Title South Asian report
Remainder of title On The child-friendliness of governments
260 ## - PUBLICATION, DISTRIBUTION, ETC.
Place of publication, distribution, etc. Terre
Name of publisher, distributor, etc. des Hommes Germany Centre for Child Rights
Date of publication, distribution, etc. 2013
300 ## - PHYSICAL DESCRIPTION
Extent 292p.
Dimensions cm.
650 ## - SUBJECT ADDED ENTRY--TOPICAL TERM
Topical term or geographic name entry element Gift
9 (RLIN) 391569
700 ## - ADDED ENTRY--PERSONAL NAME
Personal name Thukral Enakshi Ganguly Ed.
9 (RLIN) 371416
942 ## - ADDED ENTRY ELEMENTS (KOHA)
Classification part Y11.43'P13, Q3
Koha item type Reports
Source of classification or shelving scheme Colon Classification (CC)
Holdings
Withdrawn status Lost status Damaged status Not for loan Home library Current library Date acquired Source of acquisition Total Checkouts Full call number Barcode Date last seen Price effective from Koha item type
        South Campus Library South Campus Library 2022-09-28 Gift, 01/03/2017,   Y11.43'P13 Q3 SC1438702 2022-09-28 2022-09-28 Reports
Copyright @ Delhi University Library System